[Event "2008 Standard Chess Dropout Tournament, Round 2"]
[Site "SchemingMind.com"]
[Date "2008.03.21"]
[Round "2"]
[White "saxon"]
[Black "pawngrabber"]
[Result "1-0"]
[WhiteCountry "GER"]
[BlackCountry "ENG"]
[WhiteElo "2384"]
[WhiteRD "107"]
[BlackElo "1921"]
[BlackRD "87"]
[GameID "146432"]

1. e4 d6 2. d4 Nf6 3. Nc3 g6 4. f4 Bg7 5. Nf3 c5 6. Bb5+ Bd7 7. Bxd7+ Nfxd7 8. d5 b5 9. Nxb5 Qa5+ 10. Nc3 Bxc3+
11. bxc3 Qxc3+ 12. Bd2 Qc4 13. Qe2 Nb6 14. a4 a5 15. Qxc4 Nxc4 16. Ke2 Nxd2 17. Nxd2 Kd7 18. Rhb1 Kc7 19. Rb5 Nd7 20. Rab1 Rhb8
21. Nc4 Ra7 22. Rxb8 Nxb8 23. Rb5 Nd7 24. Rxa5 Rxa5 25. Nxa5 Nb6 26. Nc6 Nxa4 27. Nxe7 Kd7 28. Ng8 h5 29. Nf6+ Ke7 30. e5 Nb2
31. Ke3 Nc4+ 32. Ke4 Nd2+ 33. Kd3 Nf1 34. h3 Ng3 35. c4 Nf5 36. g4 Ng7 37. gxh5 gxh5 38. Ke4 h4 39. Ng8+ Kd7 40. Nh6
1-0

[Event "2008 Standard Chess Dropout Tournament, Round 2"]
[Site "SchemingMind.com"]
[Date "2008.03.21"]
[Round "2"]
[White "Schaakmaatje"]
[Black "marble"]
[Result "0-1"]
[WhiteCountry "NED"]
[BlackCountry "ENG"]
[WhiteElo "1760"]
[WhiteRD "46"]
[BlackElo "1644"]
[BlackRD "58"]
[GameID "146433"]

1. e4 c5 2. Nc3 e6 3. f4 Nc6 4. Nf3 d5 5. Bb5 Ne7 6. O-O d4 7. Ne2 a6 8. Bxc6+ Nxc6 9. d3 Be7 10. c3 O-O
11. Qe1 b5 12. a3 a5 13. Kh1 Ba6 14. f5 e5 15. Qg3 Kh8 16. Nxe5 Nxe5 17. Qxe5 Bd6 18. Qd5 Qf6 19. Bf4 Rfd8 20. e5 Bxe5
21. Qxe5 Qxe5 22. Bxe5 Re8 23. Nxd4 Rxe5 24. Nc2 b4 25. c4 Bb7 26. Rae1 Ree8 27. d4 b3 28. Na1 Rxe1 29. Rxe1 a4 30. d5 g6
31. Re7 Ba6 32. Rxf7 Re8 33. h3 Bxc4 34. fxg6 hxg6 35. Rc7 Re1+ 36. Kh2 Bxd5 37. Rxc5 Be6 38. Nc2 bxc2 39. Rxc2 Bb3 40. Rd2 Re3
41. Kg1 Re6 42. Kf2 Kg7 43. Kf3 Kh6 44. g3 g5 45. h4 gxh4 46. gxh4 Rg6 47. Rd4 Rb6 48. Ke4 Bc2+ 49. Ke5 Rxb2
0-1

[Event "2008 Standard Chess Dropout Tournament, Round 2"]
[Site "SchemingMind.com"]
[Date "2008.03.17"]
[Round "2"]
[White "Silvy"]
[Black "Raimondi"]
[Result "1-0"]
[WhiteCountry "ITA"]
[BlackCountry "PER"]
[WhiteElo "2256"]
[WhiteRD "116"]
[BlackElo "1646"]
[BlackRD "70"]
[GameID "146434"]

1. d4 d5 2. Nf3 Nf6 3. Bf4 Nc6 4. Nbd2 Bf5 5. c3 e6 6. e3 Be7 7. Nh4 Bg6 8. Nxg6 fxg6 9. Qb3 Rb8 10. Be2 O-O
11. O-O Bd6 12. Bg5 Be7 13. Rae1 a6 14. e4 Kh8 15. Bxf6 Rxf6 16. Bg4 Qd7 17. exd5 Qxd5 18. Bxe6 Qh5 19. f4 Bd6 20. Ne4 Bxf4
21. g3 Bd6 22. Nxf6 gxf6 23. Rxf6 Re8 24. Rff1 Nd8 25. Bg4
1-0

[Event "2008 Standard Chess Dropout Tournament, Round 2"]
[Site "SchemingMind.com"]
[Date "2008.03.22"]
[Round "2"]
[White "slotheman"]
[Black "fouche"]
[Result "1-0"]
[WhiteCountry "USA"]
[BlackCountry "COL"]
[WhiteElo "1498"]
[WhiteRD "111"]
[BlackElo "1665"]
[BlackRD "71"]
[GameID "146435"]

1. e4 c5 2. Nc3 Nc6 3. f4 d6 4. Nf3 Bg4 5. Bc4 e6 6. O-O a6 7. a4 Be7 8. d4 cxd4 9. Ne2 e5 10. Bxf7+ Kxf7
11. Ng5+ Bxg5 12. fxg5+ Ke7 13. Qe1 Be6 14. Qh4 g6 15. Ra3 Kd7 16. Raf3 Nge7 17. Bd2 Qb6 18. b3 Rae8 19. Nc1 Qd8 20. Nd3 Reg8
21. b4 Qe8 22. Rb1 Rg7 23. c3 Rf7 24. Rxf7 Qxf7 25. b5 axb5 26. Rxb5 Kc7 27. Nb2 d5 28. Qg3 dxc3 29. Bxc3 d4 30. Bxd4 Nxd4
31. Qxe5+ Kc8 32. Qxh8+ Kc7 33. Qxd4 Nc6 34. Qb6+ Kc8 35. a5 Bc4 36. Nxc4
1-0

[Event "2008 Standard Chess Dropout Tournament, Round 2"]
[Site "SchemingMind.com"]
[Date "2008.03.22"]
[Round "2"]
[White "SpeedRacer"]
[Black "Stahp"]
[Result "1-0"]
[WhiteCountry "USA"]
[BlackCountry "FRA"]
[WhiteElo "1700"]
[WhiteRD "112"]
[BlackElo "1609"]
[BlackRD "98"]
[GameID "146436"]

1. e4 c5 2. Nf3 Nc6 3. d4 cxd4 4. Nxd4 g6 5. c4 Bg7 6. Be3 d6 7. Nc3 Nf6 8. Be2 O-O 9. O-O Qc7 10. Rc1 Ne5
11. Nd5 Nxd5 12. cxd5 Qd7 13. h3 a6 14. f4
1-0

[Event "2008 Standard Chess Dropout Tournament, Round 2"]
[Site "SchemingMind.com"]
[Date "2008.03.17"]
[Round "2"]
[White "Stahp"]
[Black "fishofchaos"]
[Result "0-1"]
[WhiteCountry "FRA"]
[BlackCountry "ENG"]
[WhiteElo "1630"]
[WhiteRD "96"]
[BlackElo "1872"]
[BlackRD "71"]
[GameID "146437"]

1. e4 c5 2. Nf3 e6 3. Bb5 a6 4. Bd3 d6 5. Nc3 Nc6 6. O-O Nf6 7. h3 Be7 8. b3 O-O 9. Re1 e5 10. Nd5 Nxd5
11. exd5 Nd4 12. Nxd4 cxd4 13. c4 dxc3 14. dxc3 b5 15. Qf3 Qc7 16. Qe4 g6 17. Bh6 Rd8 18. Rac1 f5 19. Qe3 Qb7 20. c4 Bd7
21. f4 e4 22. Be2 Bf6 23. Qg3 bxc4 24. Bxc4 a5 25. a4 Be8 26. Rcd1 Qb4 27. Kf1 Bf7 28. Bg5 Bxg5 29. Qxg5 Rd7 30. Qf6 Rc8
31. Kf2 Rxc4 32. bxc4 Qxc4 33. Qd4 Rc7 34. Kg3 Rc5 35. Qf6 Rxd5 36. Qd8+ Kg7 37. Qd7 Rxd1 38. Rxd1 Qb3+
0-1

[Event "2008 Standard Chess Dropout Tournament, Round 2"]
[Site "SchemingMind.com"]
[Date "2008.03.18"]
[Round "2"]
[White "swayne"]
[Black "Tanis"]
[Result "0-1"]
[WhiteCountry "ENG"]
[BlackCountry "CHN"]
[WhiteElo "1559"]
[WhiteRD "93"]
[BlackElo "2055"]
[BlackRD "78"]
[GameID "146439"]

1. e4 e6 2. d4 d5 3. e5 c5 4. Nf3 Nc6 5. Bb5 Qa5+ 6. Nc3 Bd7 7. Bxc6 Bxc6 8. Bd2 Qb6 9. Bc1 cxd4 10. Nxd4 Bb4
11. Nxc6 Bxc3+ 12. bxc3 Qxc6 13. Bd2 Ne7 14. O-O O-O 15. Qg4 b5 16. Bh6 Ng6 17. Bd2 Nxe5 18. Qg3 f6 19. Bh6 Ng6 20. Bd2 a6
21. h3 e5 22. Bc1 Rac8 23. Bb2 Rf7 24. Rfe1 Rfc7 25. a3 Nf4 26. Rad1 d4 27. Ba1 dxc3 28. Re3 Qc4 29. Qf3 Qa2 30. Bxc3 Rxc3
31. Rxc3 Rxc3 32. Qa8+ Kf7 33. Rd7+ Kg6 34. Qe4+ Kh6 35. h4 Rxc2 36. Qf3 Rc3 37. Qg4 Rg3
0-1

[Event "2008 Standard Chess Dropout Tournament, Round 2"]
[Site "SchemingMind.com"]
[Date "2008.03.17"]
[Round "2"]
[White "Tahur"]
[Black "John Elburg"]
[Result "0-1"]
[WhiteCountry "ARG"]
[BlackCountry "NED"]
[WhiteElo "1941"]
[WhiteRD "57"]
[BlackElo "2271"]
[BlackRD "102"]
[GameID "146440"]

1. e4 e6 2. d4 d5 3. Nc3 Nf6 4. e5 Nfd7 5. f4 c5 6. Nf3 Nc6 7. Bb5 a6 8. Bxc6 bxc6 9. O-O cxd4 10. Nxd4 c5
11. Nde2 Be7 12. Qd3 Bb7 13. b3 O-O 14. a4 f6 15. Qh3 Qb6 16. a5 Qc6 17. exf6 Rxf6 18. Ba3 Raf8 19. Rfe1 Rh6 20. Qf3 Ne5
21. fxe5 Rxf3 22. gxf3 Rg6+ 23. Ng3 Qc7 24. Kf2 h5 25. Bc1 c4 26. Na4 cxb3 27. cxb3 d4 28. Bd2 Qc2 29. Red1 Qd3 30. Ke1 Rxg3
31. hxg3 Bxf3 32. Nc3 dxc3 33. Kf2 Qe2+
0-1

[Event "2008 Standard Chess Dropout Tournament, Round 2"]
[Site "SchemingMind.com"]
[Date "2008.03.18"]
[Round "2"]
[White "Tanis"]
[Black "Austin Lockwood"]
[Result "1-0"]
[WhiteCountry "CHN"]
[BlackCountry "ENG"]
[WhiteElo "2073"]
[WhiteRD "78"]
[BlackElo "1688"]
[BlackRD "108"]
[GameID "146441"]

1. e4 e5 2. Nf3 Nc6 3. Bc4 Bc5 4. c3 Nf6 5. d4 exd4 6. cxd4 Bb4+ 7. Bd2 Nxe4 8. O-O O-O 9. d5 Nxd2 10. Nbxd2 Ne7
11. a3 Ba5 12. b4 Bb6 13. Re1 Nf5 14. Bd3 Nd6 15. Qc2 a5 16. Bxh7+ Kh8 17. Ne4 axb4 18. Nxd6 cxd6 19. axb4 Rxa1 20. Rxa1 Qf6
21. Ra8 Qd8 22. Bd3 Re8 23. Nd2 Re1+ 24. Bf1 Re8 25. Nc4 Qc7 26. Qf5
1-0

[Event "2008 Standard Chess Dropout Tournament, Round 2"]
[Site "SchemingMind.com"]
[Date "2008.03.19"]
[Round "2"]
[White "Theodoric"]
[Black "krueger"]
[Result "1-0"]
[WhiteCountry "ENG"]
[BlackCountry "USA"]
[WhiteElo "1973"]
[WhiteRD "65"]
[BlackElo "2123"]
[BlackRD "84"]
[GameID "146442"]

1. e4 e6 2. d4 d5 3. Nc3 Bb4 4. e5 c5 5. a3 Bxc3+ 6. bxc3 Ne7 7. Qg4 Qc7 8. Qxg7 Rg8 9. Qxh7 cxd4 10. Ne2 Nbc6
11. f4 Bd7 12. Qd3 dxc3 13. Nxc3 a6 14. Ne2 Rc8 15. Rb1 Na5 16. Nd4 Nc4 17. c3 Qa5 18. Rxb7 Nxa3 19. Rb3 Nb5 20. Ne2 Nc6
21. Qh7 Ne7 22. Bd2 Na3 23. Ng3 Bb5 24. c4 Qa4 25. Rxa3 Qxa3 26. cxb5 Qa1+ 27. Ke2 axb5 28. Nh5 Rg6 29. Nf6+ Kf8 30. Qh8+ Ng8
31. Bb4+
1-0

[Event "2008 Standard Chess Dropout Tournament, Round 2"]
[Site "SchemingMind.com"]
[Date "2008.03.17"]
[Round "2"]
[White "time_pressure"]
[Black "bartleby en passant"]
[Result "1-0"]
[WhiteCountry "USA"]
[BlackCountry "IRL"]
[WhiteElo "2287"]
[WhiteRD "79"]
[BlackElo "1666"]
[BlackRD "81"]
[GameID "146443"]

1. e4 e5 2. Nf3 Nf6 3. d4 Nxe4 4. Bd3 d5 5. Nxe5 Bd6 6. Nd2 Nxd2 7. Bxd2 O-O 8. Qh5 g6 9. Qh6 Qf6 10. O-O Bxe5
11. dxe5 Qxe5 12. c4 d4 13. Rfe1 Qg7 14. Qh4 Nc6 15. Bh6 g5 16. Bxg5
1-0

[Event "2008 Standard Chess Dropout Tournament, Round 2"]
[Site "SchemingMind.com"]
[Date "2008.03.17"]
[Round "2"]
[White "Space"]
[Black "Theodoric"]
[Result "1/2-1/2"]
[WhiteCountry "SWE"]
[BlackCountry "ENG"]
[WhiteElo "2246"]
[WhiteRD "81"]
[BlackElo "1897"]
[BlackRD "62"]
[GameID "146444"]

1. d4 Nf6 2. c4 c5 3. d5 e6 4. Nc3 exd5 5. cxd5 d6 6. e4 g6 7. Bd3 Bg7 8. Nge2 O-O 9. O-O b6 10. f3 Ba6
11. Bxa6 Nxa6 12. Bg5 h6 13. Be3 Nd7 14. Qd2 Kh7 15. Nf4=
1/2-1/2

[Event "2008 Standard Chess Dropout Tournament, Round 2"]
[Site "SchemingMind.com"]
[Date "2008.03.22"]
[Round "2"]
[White "traxla"]
[Black "Dreadtower"]
[Result "1-0"]
[WhiteCountry "USA"]
[BlackCountry "ENG"]
[WhiteElo "2106"]
[WhiteRD "90"]
[BlackElo "1814"]
[BlackRD "107"]
[GameID "146445"]

1. e4 c5 2. Nf3 d6 3. Nc3 Nf6 4. e5 dxe5 5. Nxe5 a6 6. a4 Qc7 7. d4 e6 8. Bf4 Bd6 9. Bb5+ Ke7 10. a5 axb5
11. Nxb5 Qd8 12. Nxd6 Qxd6 13. Ng6+ hxg6 14. Bxd6+ Kxd6 15. dxc5+ Kxc5 16. Qd2 Nd5 17. c4 Nb4 18. Rd1 N8c6 19. Qe3+ Kxc4 20. b3+
1-0

[Event "2008 Standard Chess Dropout Tournament, Round 2"]
[Site "SchemingMind.com"]
[Date "2008.03.22"]
[Round "2"]
[White "willygor"]
[Black "SpeedRacer"]
[Result "1-0"]
[WhiteCountry "ARG"]
[BlackCountry "USA"]
[WhiteElo "1822"]
[WhiteRD "95"]
[BlackElo "1677"]
[BlackRD "112"]
[GameID "146446"]

1. e4 e5 2. Nf3 Nc6 3. Bb5 a6 4. Bxc6 dxc6 5. Nc3 Nf6 6. O-O Bg4 7. h3 Bxf3 8. Qxf3 Be7 9. d3 O-O 10. Qe2 Qd7
11. f4 Bc5+ 12. Kh1 Rfe8 13. f5 h6 14. g4 Qd6 15. Rf3 b5 16. Be3 Bxe3 17. Qxe3 b4 18. Na4 a5 19. b3 Nd7 20. Nb2 Nb6
21. f6 g5 22. h4 Re6 23. hxg5 hxg5 24. Qxg5+ Kf8 25. Nc4 Qd4 26. Qg7+ Ke8 27. Qg8+ Kd7 28. Nxb6+ cxb6 29. Qxf7+ Kd6 30. Raf1 Rae8
31. Qg7 b5 32. f7 Qa7 33. f8=Q+ Rxf8 34. Qxf8+ Re7 35. Rf7 a4 36. Qxe7+ Qxe7 37. Rxe7 Kxe7 38. g5 axb3 39. axb3 Kd6 40. g6 Kc5
41. g7 Kd4 42. g8=Q Kc3 43. Rf2 c5 44. Qd5 c4 45. Qxe5#
1-0

[Event "2008 Standard Chess Dropout Tournament, Round 2"]
[Site "SchemingMind.com"]
[Date "2008.03.17"]
[Round "2"]
[White "z"]
[Black "Dr_Pat"]
[Result "0-1"]
[WhiteCountry "IRQ"]
[BlackCountry "USA"]
[WhiteElo "1821"]
[WhiteRD "56"]
[BlackElo "1825"]
[BlackRD "51"]
[GameID "146447"]

1. e4 Nf6 2. e5 Nd5 3. c4 Nb6 4. d4 d6 5. f4 dxe5 6. fxe5 Nc6 7. Nf3 Bg4 8. Be3 e6 9. Be2 Bxf3 10. gxf3 Qh4+
11. Bf2 Qf4 12. c5 Nd5 13. Bb5 Be7 14. Qa4 Qc1+ 15. Qd1 Qxb2 16. Bxc6+ bxc6 17. Nd2 Bg5 18. O-O O-O 19. Nc4 Qb5 20. Qc2 a5
21. Rfb1 Qa6 22. Rb3 Rab8 23. Rab1 Rb4 24. Nxa5 Qxa5 25. Rxb4 Nxb4 26. Qc3 Qxa2 27. Qxb4 Bd2 28. Qb7 Bf4 29. Rf1 Qd5 30. Kg2 f6
31. exf6 Rxf6 32. Bg3 Be3 33. Qc8+ Kf7 34. Qxc7+ Kg8 35. Be5 Rg6+ 36. Kh1 Qxf3+
0-1

[Event "2008 Standard Chess Dropout Tournament, Round 2"]
[Site "SchemingMind.com"]
[Date "2008.03.18"]
[Round "2"]
[White "Zugzwang"]
[Black "jdcald13"]
[Result "0-1"]
[WhiteCountry "CAN"]
[BlackCountry "USA"]
[WhiteElo "1544"]
[WhiteRD "61"]
[BlackElo "1973"]
[BlackRD "58"]
[GameID "146448"]

1. d4 Nf6 2. Nf3 g6 3. e3 d5 4. a4 Bg7 5. b3 c5 6. Bb2 cxd4 7. Nxd4 O-O 8. Bd3 Nc6 9. O-O Nxd4 10. exd4 Bg4
11. f3 Bd7 12. c4 dxc4 13. Bxc4 Bc6 14. Nc3 Nd5 15. Nxd5 Bxd5 16. Bxd5 Qxd5 17. Rc1 Rfd8 18. Rc4 e5 19. Re1 exd4 20. Re7 Rac8
21. Rxc8 Rxc8 22. Re4 d3 23. Bxg7 Kxg7 24. Qa1+ Kg8 25. b4 d2 26. Rd4 Rc1+
0-1

[Event "2008 Standard Chess Dropout Tournament, Round 3"]
[Site "SchemingMind.com"]
[Date "2008.07.22"]
[Round "3"]
[White "29A"]
[Black "time_pressure"]
[Result "0-1"]
[WhiteCountry "CAN"]
[BlackCountry "USA"]
[WhiteElo "1841"]
[WhiteRD "77"]
[BlackElo "2290"]
[BlackRD "81"]
[GameID "164357"]

1. e4 c6 2. d4 d5 3. f3 e5 4. dxe5 Bc5 5. Nc3 Qb6 6. Na4 Bf2+ 7. Ke2 Qd4 8. Qxd4 Bxd4 9. exd5 Bxe5 10. dxc6 Nxc6
11. Kf2 Bf5 12. c3 Nge7 13. Bb5 O-O-O 14. Ne2 Bc2 15. Be3 Nf5 16. Rac1 Nxe3 17. Kxe3 Rhe8 18. Rxc2 Bg3#
0-1

[Event "2008 Standard Chess Dropout Tournament, Round 3"]
[Site "SchemingMind.com"]
[Date "2008.07.26"]
[Round "3"]
[White "Adunatos"]
[Black "Sebastian Strauchler"]
[Result "0-1"]
[WhiteCountry "NED"]
[BlackCountry "ARG"]
[WhiteElo "2108"]
[WhiteRD "66"]
[BlackElo "2184"]
[BlackRD "120"]
[GameID "164358"]

1. e4 c5 2. Nf3 Nc6 3. Nc3 g6 4. d4 cxd4 5. Nxd4 Bg7 6. Be3 Nf6 7. Bc4 O-O 8. Bb3 a5 9. O-O a4 10. Nxa4 Nxe4
11. Nb5 d5 12. c3 e6 13. f3 Nd6 14. Bb6 Qd7 15. Nxd6 Qxd6 16. Bc5 Qc7 17. Bxf8 Bxf8 18. c4 d4 19. c5 Ra5 20. f4 Bd7
0-1

[Event "2008 Standard Chess Dropout Tournament, Round 3"]
[Site "SchemingMind.com"]
[Date "2008.07.25"]
[Round "3"]
[White "Apocalypse"]
[Black "nimzoking"]
[Result "1-0"]
[WhiteCountry "USA"]
[BlackCountry "ENG"]
[WhiteElo "2393"]
[WhiteRD "79"]
[BlackElo "2155"]
[BlackRD "74"]
[GameID "164359"]

1. b4 Nf6 2. Bb2 e6 3. b5 b6 4. a4 a6 5. e3 Bb7 6. Nf3 Be7 7. Be2 O-O 8. O-O c6 9. c4 d5 10. Na3 Nbd7
11. cxd5 Nxd5 12. d4 Qc7 13. bxc6 Bxc6 14. Nc4 Rfc8 15. Nce5 Bb7 16. Nxd7 Qxd7 17. Ne5 Qd8 18. Bh5 Nf6 19. Bxf7+
1-0

[Event "2008 Standard Chess Dropout Tournament, Round 3"]
[Site "SchemingMind.com"]
[Date "2008.07.26"]
[Round "3"]
[White "Ashmaster"]
[Black "Mekk"]
[Result "1/2-1/2"]
[WhiteCountry "IRL"]
[BlackCountry "POL"]
[WhiteElo "1914"]
[WhiteRD "85"]
[BlackElo "1948"]
[BlackRD "69"]
[GameID "164360"]

1. d4 d5 2. c4 c6 3. Nc3 Nf6 4. Nf3 e6 5. e3 Nbd7 6. Bd3 dxc4 7. Bxc4 b5 8. Bd3 Bb7 9. O-O a6 10. e4 c5
11. d5 Qc7 12. dxe6 fxe6 13. Bc2 Be7 14. Ng5 Qc6 15. Qf3 O-O 16. Qh3 e5 17. Nd5 Rae8 18. Ne6 Rf7 19. Ng5 Rff8 20. Ne6=
1/2-1/2

[Event "2008 Standard Chess Dropout Tournament, Round 3"]
[Site "SchemingMind.com"]
[Date "2008.07.21"]
[Round "3"]
[White "boojiboy"]
[Black "HanadaNo3"]
[Result "0-1"]
[WhiteCountry "USA"]
[BlackCountry "USA"]
[WhiteElo "1797"]
[WhiteRD "93"]
[BlackElo "2393"]
[BlackRD "78"]
[GameID "164361"]

1. e4 g6 2. d4 Bg7 3. Nc3 d6 4. Nf3 a6 5. Be3 b5 6. Qd2 Bb7 7. Bd3 Nd7 8. Ne2 Ngf6 9. Ng3 O-O 10. O-O c5
11. c3 Ng4 12. Rae1 Nxe3 13. Qxe3 cxd4 14. Nxd4 Ne5 15. Be2 Rc8 16. f4 Nc4 17. Bxc4 Rxc4 18. f5 b4 19. fxg6 hxg6 20. Rd1 Qa5
21. Qd3 Qc5 22. Kh1 bxc3 23. bxc3 Rxc3 24. Qb1 Rxg3 25. Qxb7 Bxd4 26. Qd5 Qxd5 27. exd5 Rg4 28. h3 Re4 29. Rf3 Bc5 30. Rfd3 Rb8
31. a3 Re2
0-1

[Event "2008 Standard Chess Dropout Tournament, Round 3"]
[Site "SchemingMind.com"]
[Date "2008.07.22"]
[Round "3"]
[White "Ingemar Assarsjö"]
[Black "keen"]
[Result "1-0"]
[WhiteCountry "SWE"]
[BlackCountry "SCO"]
[WhiteElo "1852"]
[WhiteRD "101"]
[BlackElo "1778"]
[BlackRD "57"]
[GameID "164362"]

1. e4 c5 2. Nf3 Nc6 3. d4 cxd4 4. Nxd4 Nf6 5. Nc3 d6 6. Bc4 g6 7. Nxc6 bxc6 8. e5 Ng4 9. exd6 exd6 10. O-O d5
11. Qd4 Nf6 12. Bg5 Bg7 13. Rfe1+ Be6 14. Bd3 O-O 15. Qh4 Rb8 16. Rab1 Qe7 17. Ne2 Rb4 18. Nd4 Qc5 19. c3 Ra4 20. Bxf6 Bxf6
21. Qxf6 Rxa2 22. Nxe6
1-0

[Event "2008 Standard Chess Dropout Tournament, Round 3"]
[Site "SchemingMind.com"]
[Date "2008.07.25"]
[Round "3"]
[White "Brennan Price"]
[Black "pawngrabber"]
[Result "0-1"]
[WhiteCountry "USA"]
[BlackCountry "ENG"]
[WhiteElo "1984"]
[WhiteRD "87"]
[BlackElo "1857"]
[BlackRD "86"]
[GameID "164363"]

1. e4 d6 2. d4 Nf6 3. Nc3 g6 4. f4 Bg7 5. Nf3 c5 6. Bb5+ Bd7 7. e5 Ng4 8. Bxd7+ Qxd7 9. d5 dxe5 10. h3 e4
11. hxg4 exf3 12. Qxf3 Na6 13. Bd2 Nb4 14. O-O-O O-O-O 15. Ne4 Qa4 16. Bxb4 Qxb4 17. c3 Qa5 18. Kb1 h6 19. d6 e6 20. d7+ Rxd7
21. Nd6+ Kb8 22. Nc4 Rxd1+ 23. Rxd1 Qc7 24. Nd6 Rd8 25. Nb5 Rxd1+ 26. Qxd1 Qe7 27. Kc2 a6 28. Nd6 Kc7 29. Ne4 f5 30. Nd2 Qd6
31. gxf5 exf5 32. Qe2 Kd7 33. Qf3 Kc7 34. Nc4 Qc6 35. Qg3 Qe4+ 36. Kb3 b5 37. Ne5 Qa4#
0-1

[Event "2008 Standard Chess Dropout Tournament, Round 3"]
[Site "SchemingMind.com"]
[Date "2008.07.22"]
[Round "3"]
[White "bull mccabe"]
[Black "Quirine"]
[Result "0-1"]
[WhiteCountry "IRL"]
[BlackCountry "NED"]
[WhiteElo "1699"]
[WhiteRD "79"]
[BlackElo "1892"]
[BlackRD "84"]
[GameID "164364"]

1. e4 e6 2. d4 d5 3. Nd2 Nf6 4. e5 Nfd7 5. Bd3 c5 6. c3 Nc6 7. Ne2 cxd4 8. cxd4 f6 9. exf6 Nxf6 10. h3 Bd6
11. Nf3 Qc7 12. Bg5 O-O 13. Qc2 h6 14. Bd2 Nb4 15. Qxc7 Nxd3+
0-1

[Event "2008 Standard Chess Dropout Tournament, Round 3"]
[Site "SchemingMind.com"]
[Date "2008.07.30"]
[Round "3"]
[White "C. H. O'D. Schlechter"]
[Black "saxon"]
[Result "1-0"]
[WhiteCountry "USA"]
[BlackCountry "GER"]
[WhiteElo "2425"]
[WhiteRD "78"]
[BlackElo "2367"]
[BlackRD "116"]
[GameID "164365"]

1. e4 c5 2. Nc3 Nc6 3. Bb5 Nd4 4. Bc4 e6 5. Nge2 Ne7 6. Nxd4 cxd4 7. Ne2 Nc6 8. O-O Bc5 9. d3 O-O 10. Bd2 f5
11. f3 Qc7 12. a3 Bd6 13. f4 b5 14. Bxb5 fxe4 15. dxe4 Rb8 16. Bd3 Rxb2 17. e5 Bc5 18. Nc1 Ne7 19. Nb3 Bb6 20. Bb4 Rf7
21. Qc1 Rxc2 22. Qxc2 Qxc2 23. Bxc2 d3+ 24. Bc5 dxc2 25. Bxb6 axb6 26. Rf2 Ba6 27. g3 g5 28. fxg5 Nc6 29. Rxc2 Rf5 30. Nd2 Rxe5
31. Rb2 b5 32. Nf3 Re3 33. Kf2 Rc3 34. Raa2 Kf7 35. Rc2 Rb3 36. Rd2 Bc8 37. Nd4 Nxd4 38. Rxd4
1-0

[Event "2008 Standard Chess Dropout Tournament, Round 3"]
[Site "SchemingMind.com"]
[Date "2008.07.26"]
[Round "3"]
[White "chesshub"]
[Black "pjl1015"]
[Result "1/2-1/2"]
[WhiteCountry "FRA"]
[BlackCountry "USA"]
[WhiteElo "2477"]
[WhiteRD "64"]
[BlackElo "2441"]
[BlackRD "106"]
[GameID "164366"]

1. e4 c5 2. Nf3 Nc6 3. Bb5 g6 4. Bxc6 bxc6 5. O-O Bg7 6. Re1 Nh6 7. c3 O-O 8. d4 cxd4 9. cxd4 d5 10. e5 f6
11. exf6 exf6 12. h3 Bf5 13. Nc3 Nf7 14. Na4 Qc7 15. Bd2 Rfe8 16. Nc5 Be4 17. Nh2 f5 18. Bc3 f4 19. Qd2 Rac8 20. Rad1 Qb8
21. b3 Bf5 22. Nf3 g5 23. b4 h6 24. a4 Bf8 25. Qa2 Bg7 26. Rc1 h5 27. Re2 g4 28. Nh4 Rxe2 29. Qxe2 f3 30. Qa6 Qf4
31. Re1 fxg2 32. Ng6 Qf3 33. Re3 Qd1+ 34. Re1 Qc2 35. Ne7+ Kh7 36. Nxf5 Qxf5 37. hxg4 hxg4 38. Qd3 Qxd3 39. Nxd3 Ng5 40. Kxg2 Rf8
41. Bb2 Ne4 42. Re2 Kg6 43. Nc5 Ng5 44. Ne6 Rf3 45. Nxg7 Kxg7 46. Bc1 Ne4 47. Rc2 Rc3 48. Rxc3 Nxc3 49. Bd2 Ne4=
1/2-1/2

[Event "2008 Standard Chess Dropout Tournament, Round 3"]
[Site "SchemingMind.com"]
[Date "2008.07.22"]
[Round "3"]
[White "dadshane2000"]
[Black "hessonchess"]
[Result "1-0"]
[WhiteCountry "USA"]
[BlackCountry "USA"]
[WhiteElo "1878"]
[WhiteRD "79"]
[BlackElo "1557"]
[BlackRD "100"]
[GameID "164367"]

1. e4 g6 2. d4 Nf6 3. e5 Nh5 4. Be2 d6 5. Nf3 Nc6 6. O-O dxe5 7. Nxe5 Qxd4 8. Nxc6 Qxd1 9. Rxd1 bxc6 10. Bf3 Bb7
11. Be3 Nf6 12. Nc3 Bg7 13. Bf4 Rc8 14. Na4 Nd7 15. c3 Nb6 16. Nc5 Ba8 17. Na6 Nd5 18. Bxd5 e5 19. Bxf7+ Kxf7 20. Rd7+ Ke6
21. Rxg7 exf4 22. Re1+ Kf6 23. Ree7 Rcd8 24. Rgf7+ Kg5 25. Re5+ Kh6 26. h3 Rd1+ 27. Kh2 Rhd8 28. Rxf4 R8d5 29. Rh4+ Kg7 30. Rxd5 cxd5
31. Nxc7 Bb7 32. Ne6+ Kf6 33. Rxh7 Kxe6 34. Rxb7
1-0

[Event "2008 Standard Chess Dropout Tournament, Round 3"]
[Site "SchemingMind.com"]
[Date "2008.07.21"]
[Round "3"]
[White "demiurg"]
[Black "joralx3"]
[Result "0-1"]
[WhiteCountry "HUN"]
[BlackCountry "ARG"]
[WhiteElo "2298"]
[WhiteRD "70"]
[BlackElo "2414"]
[BlackRD "80"]
[GameID "164368"]

1. e4 c5 2. Nf3 Nc6 3. d4 cxd4 4. Nxd4 e5 5. Nb5 d6 6. N1c3 a6 7. Na3 b5 8. Nd5 Nf6 9. Bg5 Be7 10. Bxf6 Bxf6
11. c3 O-O 12. Nc2 Be6 13. Nxf6+ Qxf6 14. Qxd6 Rac8 15. Ne3 Rfd8 16. Qa3 Rd2 17. Be2 b4 18. cxb4 Rxe2+ 19. Kxe2 Nd4+ 20. Kf1 Bd7
21. h3 Bb5+ 22. Kg1 Ne2+ 23. Kh2 Qf4+
0-1

[Event "2008 Standard Chess Dropout Tournament, Round 3"]
[Site "SchemingMind.com"]
[Date "2008.07.26"]
[Round "3"]
[White "dmichael"]
[Black "John Elburg"]
[Result "0-1"]
[WhiteCountry "USA"]
[BlackCountry "NED"]
[WhiteElo "2409"]
[WhiteRD "91"]
[BlackElo "2366"]
[BlackRD "92"]
[GameID "164369"]

1. d4 d5 2. c4 c6 3. Nc3 Nf6 4. e3 a6 5. Qc2 b5 6. b3 Bg4 7. Nge2 Nbd7 8. h3 Bh5 9. Nf4 Bg6 10. Nxg6 hxg6
11. a4 b4 12. Nb1 e6 13. Nd2 c5 14. cxd5 exd5 15. Bb2 cxd4 16. Bxd4 Rc8 17. Qd1 Qa5 18. Bd3 Bd6 19. O-O O-O 20. Qe2 Rc6
21. Rac1 Rfc8 22. e4 Rxc1
0-1

[Event "2008 Standard Chess Dropout Tournament, Round 3"]
[Site "SchemingMind.com"]
[Date "2008.07.22"]
[Round "3"]
[White "Dr_Pat"]
[Black "Tanis"]
[Result "0-1"]
[WhiteCountry "USA"]
[BlackCountry "CHN"]
[WhiteElo "1932"]
[WhiteRD "59"]
[BlackElo "2103"]
[BlackRD "87"]
[GameID "164370"]

1. d4 Nf6 2. c4 e6 3. Nc3 Bb4 4. Qc2 c5 5. dxc5 Qc7 6. Nf3 Qxc5 7. a3 Bxc3+ 8. Qxc3 O-O 9. e3 d5 10. b4 Qc7
11. Bb2 a5 12. Bd3 axb4 13. axb4 Rxa1+ 14. Bxa1 Nbd7 15. c5 Re8 16. O-O e5 17. Bb5 e4 18. Nd4 Rd8 19. Be2 Nf8 20. Nb5 Qe7
21. Bb2 Bd7 22. Nd6 b6
0-1